Undang-undang Umum : (Record no. 194)

000 -LEADER
fixed length control field nam a22 a 4500
003 - CONTROL NUMBER IDENTIFIER
control field AKMAL
005 - DATE AND TIME OF LATEST TRANSACTION
control field 20170425162713.0
008 - FIXED-LENGTH DATA ELEMENTS--GENERAL INFORMATION
fixed length control field 170425s2006 my l 00 may d
020 ## - INTERNATIONAL STANDARD BOOK NUMBER
International Standard Book Number 9677008439 (jil. 2 : kkt.):
Terms of availability RM20.00
082 04 - DEWEY DECIMAL CLASSIFICATION NUMBER
Classification number 340.09595 MAL
090 00 - LOCALLY ASSIGNED LC-TYPE CALL NUMBER (OCLC); LOCAL CALL NUMBER (RLIN)
Classification number (OCLC) (R) ; Classification number, CALL (RLIN) (NR) 340.09595
Local cutter number (OCLC) ; Book number/undivided call number, CALL (RLIN) MAL
110 1# - MAIN ENTRY--CORPORATE NAME
Corporate name or jurisdiction name as entry element Malaysia
9 (RLIN) 400
245 10 - TITLE STATEMENT
Title Undang-undang Umum :
Remainder of title Perlembagaan Persekutuan Bahagian III, IV, & VI, Akta Pencen 1980 Peraturan-peraturan Pencen 1980, Akta Kumpulan Wang Simpanan Pekerja 1991 Kaedah-kaedah KWSP 1991 Peraturan-peraturan KWSP 1991 : semua pindaan hingga Februari, 2006 /
Statement of responsibility, etc. disusun semula oleh Penasihat Undang-Undang MDC
260 ## - PUBLICATION, DISTRIBUTION, ETC.
Place of publication, distribution, etc. Kuala Lumpur :
Name of publisher, distributor, etc. MDC Publishers Printers,
Date of publication, distribution, etc. 2006
300 00 - PHYSICAL DESCRIPTION
Extent 377ms. ;
Dimensions 25cm
650 #0 - SUBJECT ADDED ENTRY--TOPICAL TERM
Topical term or geographic name entry element Constitutional law
Geographic subdivision Malaysia
9 (RLIN) 437
650 #0 - SUBJECT ADDED ENTRY--TOPICAL TERM
Topical term or geographic name entry element Pensions
General subdivision Law and legislation
Geographic subdivision Malaysia
9 (RLIN) 438
650 #0 - SUBJECT ADDED ENTRY--TOPICAL TERM
Topical term or geographic name entry element Employees' deposits
General subdivision Law and legislation
Geographic subdivision Malaysia
9 (RLIN) 439
710 1# - ADDED ENTRY--CORPORATE NAME
Corporate name or jurisdiction name as entry element Malaysia.
Title of a work Perlembagaan Persekutuan
9 (RLIN) 440
710 1# - ADDED ENTRY--CORPORATE NAME
Corporate name or jurisdiction name as entry element Malaysia.
Title of a work Akta Pencen, 1980
9 (RLIN) 441
710 1# - ADDED ENTRY--CORPORATE NAME
Corporate name or jurisdiction name as entry element Malaysia.
Title of a work Akta Kumpulan Wang Simpanan Pekerja, 1991
9 (RLIN) 442
710 2# - ADDED ENTRY--CORPORATE NAME
Corporate name or jurisdiction name as entry element Penasihat Undang-Undang MDC
9 (RLIN) 405
942 ## - ADDED ENTRY ELEMENTS (KOHA)
Source of classification or shelving scheme
Koha item type Book
Holdings
Withdrawn status Lost status Source of classification or shelving scheme Damaged status Not for loan Collection code Home library Current library Shelving location Date acquired Inventory number Total Checkouts Full call number Barcode Date last seen Price effective from Koha item type Date last checked out
          NON-FICTION AKMAL Melaka AKMAL Melaka PINJAMAN 25.04.2017 304423   340.09595 MAL 201700430 25.04.2017 25.04.2017 Book  
          NON-FICTION AKMAL Melaka AKMAL Melaka PINJAMAN 25.04.2017 304422   340.09595 MAL 201700429 25.04.2017 25.04.2017 Book  
          NON-FICTION AKMAL Melaka AKMAL Melaka PINJAMAN 25.04.2017 304421   340.09595 MAL 201700428 25.04.2017 25.04.2017 Book  
          NON-FICTION AKMAL Melaka AKMAL Melaka PINJAMAN 25.04.2017 304701   340.09595 MAL 201700426 25.04.2017 25.04.2017 Book  
          NON-FICTION AKMAL Melaka AKMAL Melaka PINJAMAN 25.04.2017 304702 1 340.09595 MAL 201700427 14.03.2019 25.04.2017 Book 05.03.2019
          NON-FICTION AKMAL Melaka AKMAL Melaka PINJAMAN 25.04.2017 304424   340.09595 MAL 201700431 25.04.2017 25.04.2017 Book  
          NON-FICTION AKMAL Melaka AKMAL Melaka PINJAMAN 25.04.2017 304425 1 340.09595 MAL 201707677 14.03.2019 25.04.2017 Book 07.03.2019
Pusat Sumber Maklumat Dato' Haji Sarmin Md Hussin, Akademi Kastam Diraja Malaysia, Melaka
Tel: 06-2331106 | Faks: 06-2313787